| 000 | 00804nam a2200277 a 4500 | ||
|---|---|---|---|
| 001 | 44806 | ||
| 003 | BD-RjUL | ||
| 005 | 20211209053924.0 | ||
| 008 | 200716t1970 N b 000 0 eng d | ||
| 020 | _a0333048970 | ||
| 035 | _a(BD-RjUL)44924 | ||
| 035 | _a2253350 | ||
| 040 |
_aANL _beng _cANL _dBD-RjUL |
||
| 041 | _aeng | ||
| 082 | 0 | 4 |
_a170 _223 _bWAC 1969 |
| 100 | 1 |
_aWarnock, G. J. _q(Geoffrey James), _d1923- _9137341 |
|
| 245 | 1 | 0 |
_aContemporary moral philosophy / _cG. J. Warnock. |
| 260 |
_aNew York : _bMacmillan : _cc1967 [Reprint 1969] |
||
| 300 |
_a[6], 81 p. ; _c22 cm. |
||
| 490 | 0 | _aNew studies in ethics | |
| 500 | _aMacmillan papermac 3003. | ||
| 504 | _aBibliography: p. 80-81. | ||
| 650 | 0 |
_aEthics, Modern _y20th century. _9137342 |
|
| 942 |
_2ddc _cBK |
||
| 999 |
_c44806 _d44806 |
||